[Event "Aragon-chT Honor Gr II"]
[Site "Aragon"]
[Date "2021.03.20"]
[Round "2.20"]
[White "Moya Gimeno, Raul"]
[Black "Felez Casedas, Carlos"]
[Result "1-0"]
[WhiteElo "1870"]
[BlackElo "1976"]
[PlyCount "67"]
[EventDate "2021.03.13"]
[EventType "team-tourn"]
[EventRounds "7"]
[EventCountry "ESP"]
[SourceTitle "EXT 2024"]
[Source "ChessBase"]
[SourceDate "2023.10.10"]
[SourceVersion "1"]
[SourceVersionDate "2023.10.10"]
[SourceQuality "1"]
[WhiteTeam "Marcos Frechin"]
[BlackTeam "La Aurora Estadilla"]
[WhiteTeamCountry "ESP"]
[BlackTeamCountry "ESP"]

1. e4 e5 2. Nf3 Nf6 3. Nxe5 d6 4. Nf3 Nxe4 5. Nc3 Nf6 6. d4 Bg4 7. Be2 Be7 8. h3 Bh5 9. Bf4 0-0 10. 0-0 Nbd7 11. Re1 Re8 12. g4 Bg6 13. Nh4 Bf8 14. Nxg6 hxg6 15. Bf3 c6 16. d5 c5 17. Rxe8 Nxe8 18. Ne4 b5 19. b3 Nb6 20. Rc1 c4 21. Nc3 Qf6 22. Bd2 a6 23. Ne4 Qe5 24. Bc3 Qf4 25. Bd2 Qe5 26. Bc3 Qe7 27. Qd4 Qc7 28. Ba5 Rb8 29. bxc4 f5 30. gxf5 gxf5 31. Ng5 Qe7 32. Qh4 g6 33. Re1 Qg7 34. Bxb6 1-0

[Event "Aragon-chT Honor Gr-II"]
[Site "Aragon"]
[Date "2020.02.15"]
[Round "4.8"]
[White "Felez Casedas, Carlos"]
[Black "Adla, Diego Gustavo"]
[Result "0-1"]
[WhiteElo "1971"]
[BlackElo "2440"]
[PlyCount "82"]
[EventDate "2020.01.25"]
[EventType "team-tourn"]
[EventRounds "7"]
[EventCountry "ESP"]
[SourceTitle "EXT 2022"]
[Source "ChessBase"]
[SourceDate "2021.10.06"]
[SourceVersion "1"]
[SourceVersionDate "2021.10.06"]
[SourceQuality "1"]
[WhiteTeam "La Aurora Estadilla"]
[BlackTeam "St Casablanca"]
[WhiteTeamCountry "ESP"]
[BlackTeamCountry "ESP"]

1. e4 c5 2. c4 Nc6 3. Nc3 g6 4. g3 Bg7 5. Bg2 d6 6. Nge2 h5 7. d3 h4 8. gxh4 Rxh4 9. Bf4 Bxc3+ 10. bxc3 Bh3 11. Bxh3 Rxh3 12. Bg3 Qd7 13. Nf4 Rh7 14. Qe2 0-0-0 15. 0-0-0 g5 16. Ng2 f5 17. exf5 Nh6 18. Ne3 Nxf5 19. Qg4 Nxe3 20. Qxd7+ Kxd7 21. fxe3 Rf8 22. Kd2 Rhf7 23. Ke2 Ne5 24. Rhg1 Nf3 25. Rg2 g4 26. Bf4 e5 27. Rxg4 Nxh2 28. Rg2 exf4 29. Rxh2 fxe3 30. Kxe3 Rf1 31. Rxf1 Rxf1 32. d4 Ra1 33. Rb2 Kc6 34. d5+ Kc7 35. Kd2 Rh1 36. Kd3 a6 37. Rg2 b5 38. cxb5 axb5 39. Rg7+ Kb6 40. Rg6 c4+ 41. Kd4 Rd1+ 0-1

[Event "Aragon-chT Preferente Ascenso"]
[Site "Aragon"]
[Date "2018.04.07"]
[Round "10.24"]
[White "Felez Casedas, Carlos"]
[Black "Requena Munguira, Jorge"]
[Result "0-1"]
[WhiteElo "1998"]
[BlackElo "1907"]
[PlyCount "96"]
[EventDate "2018.04.07"]
[EventType "team-match"]
[EventRounds "10"]
[EventCountry "ESP"]
[SourceTitle "EXT 2019"]
[Source "ChessBase"]
[SourceDate "2018.10.10"]
[SourceVersion "1"]
[SourceVersionDate "2018.10.10"]
[SourceQuality "1"]
[WhiteTeam "La Aurora Estadilla"]
[BlackTeam "El Olivar II"]
[WhiteTeamCountry "ESP"]
[BlackTeamCountry "ESP"]

1. d4 d5 2. Nf3 Nf6 3. Bf4 g6 4. e3 Bg7 5. c4 c6 6. Nc3 Nbd7 7. h3 0-0 8. Be2 dxc4 9. Bxc4 h6 10. Ne5 Nxe5 11. dxe5 Nh7 12. Qc2 Bf5 13. e4 Be6 14. Bxe6 fxe6 15. Bg3 Qb6 16. 0-0 Ng5 17. Qe2 Kh7 18. Kh1 Rad8 19. f4 Nf7 20. Bf2 Qc7 21. Qg4 Qc8 22. Bc5 Rfe8 23. Rad1 b6 24. Be3 c5 25. h4 h5 26. Qe2 Nh6 27. Rxd8 Rxd8 28. Rd1 Ng4 29. Rxd8 Qxd8 30. Qd2 Qxd2 31. Bxd2 Bh6 32. Kg1 Nxe5 33. Nb5 Nd3 34. Nxa7 Nxb2 35. e5 Nc4 36. Bc3 Bxf4 37. Nc8 b5 38. Nxe7 b4 39. Be1 Nxe5 40. Bf2 Nd3 41. Nc6 c4 42. Nd4 e5 43. Nc2 Kg7 44. g3 Bd2 45. Bb6 Nc1 46. Kf2 Nxa2 47. Ke2 c3 48. Na1 Nc1+ 0-1

[Event "Aragon-chT Preferente A"]
[Site "Aragon"]
[Date "2017.02.18"]
[Round "4.49"]
[White "Felez Casedas, Carlos"]
[Black "Lacruz Algarate, Alvaro"]
[Result "0-1"]
[WhiteElo "2003"]
[BlackElo "2121"]
[PlyCount "82"]
[EventDate "2017.01.28"]
[EventType "team-tourn"]
[EventRounds "9"]
[EventCountry "ESP"]
[SourceTitle "EXT 2018"]
[Source "ChessBase"]
[SourceDate "2017.10.13"]
[SourceVersion "1"]
[SourceVersionDate "2017.10.13"]
[SourceQuality "1"]
[WhiteTeam "La Aurora Estadilla II"]
[BlackTeam "Monsalud"]
[WhiteTeamCountry "ESP"]
[BlackTeamCountry "ESP"]

1. Nf3 Nf6 2. b3 e6 3. e3 b6 4. Bb2 Bb7 5. c4 Be7 6. g3 0-0 7. Bg2 d6 8. 0-0 Nbd7 9. Nd4 Bxg2 10. Kxg2 Ne5 11. d3 c5 12. Nf3 Qc7 13. Nc3 Qb7 14. d4 cxd4 15. exd4 Nxf3 16. Qxf3 d5 17. Rac1 Rac8 18. cxd5 exd5 19. Qd3 Bb4 20. Ne2 Rfe8 21. Rxc8 Qxc8 22. Rc1 Qb7 23. Qb5 a6 24. Qxb4 Rxe2 25. Ba3 h6 26. Re1 Rxe1 27. Qxe1 Qc6 28. Qe2 a5 29. h4 a4 30. Be7 axb3 31. axb3 Ne8 32. Bd8 Nd6 33. Qa6 Ne4 34. Bxb6 Qc2 35. Qf1 Qxb3 36. Ba7 Qa2 37. Bb6 Qd2 38. Bc7 h5 39. Bb6 Kh7 40. Kf3 Qb2 41. Bc5 Nd2+ 0-1

[Event "Aragon-chT Preferente A"]
[Site "Aragon"]
[Date "2014.03.01"]
[Round "6.49"]
[White "Cebrian Valverde, Jose Antonio"]
[Black "Felez Casedas, Carlos"]
[Result "0-1"]
[WhiteElo "2141"]
[BlackElo "2019"]
[PlyCount "80"]
[EventDate "2014.01.25"]
[EventType "team-tourn"]
[EventRounds "9"]
[EventCountry "ESP"]
[SourceTitle "EXT 2015"]
[Source "ChessBase"]
[SourceDate "2014.11.20"]
[SourceVersion "1"]
[SourceVersionDate "2014.11.20"]
[SourceQuality "1"]
[WhiteTeam "San Jose"]
[BlackTeam "La Aurora Estadilla II"]
[WhiteTeamCountry "ESP"]
[BlackTeamCountry "ESP"]

1. d4 Nf6 2. Nf3 e6 3. g3 d5 4. Bg2 Be7 5. 0-0 0-0 6. c4 c6 7. Nbd2 Nbd7 8. Qc2 b6 9. e4 Bb7 10. Rd1 a5 11. e5 Ne8 12. Nf1 dxc4 13. Qxc4 Nc7 14. h4 Nd5 15. Bg5 c5 16. Bxe7 Qxe7 17. Ng5 h6 18. Ne4 Ba6 19. Qa4 cxd4 20. Qxd4 Rfd8 21. Rac1 Rac8 22. Rxc8 Rxc8 23. Nd6 Rc5 24. f4 g5 25. hxg5 hxg5 26. Ne3 Nxe3 27. Qxe3 gxf4 28. gxf4 Nf8 29. Ne4 Rc2 30. Nf6+ Kg7 31. Qg3+ Ng6 32. Qh3 Nf8 33. Be4 Qc5+ 34. Kh1 Rc1 35. Qg4+ Ng6 36. Bxg6 fxg6 37. Rxc1 Qxc1+ 38. Kh2 Qxb2+ 39. Kh3 Bf1+ 40. Kh4 Qh2+ 0-1

[Event "Aragon-chT Preferente"]
[Site "Spain"]
[Date "2010.03.06"]
[Round "7.12"]
[White "Felez Casedas, Carlos"]
[Black "Palomar Ramon, Santiago"]
[Result "1-0"]
[WhiteElo "1997"]
[BlackElo "2042"]
[PlyCount "68"]
[EventDate "2010.01.23"]
[EventType "team-swiss"]
[EventRounds "12"]
[EventCountry "ESP"]
[SourceTitle "EXT 2013"]
[Source "ChessBase"]
[SourceDate "2012.11.22"]
[SourceVersion "1"]
[SourceVersionDate "2012.11.22"]
[SourceQuality "1"]
[WhiteTeam "La Aurora Estadilla"]
[BlackTeam "San Jose"]
[WhiteTeamCountry "ESP"]
[BlackTeamCountry "ESP"]

1. e4 c5 2. Nc3 Nc6 3. g3 g6 4. Bg2 Bg7 5. d3 d6 6. Be3 Nf6 7. h3 0-0 8. Nge2 Rb8 9. Qd2 Re8 10. 0-0 b5 11. f4 b4 12. Nd1 Bb7 13. g4 Nd7 14. Ng3 a5 15. Rb1 Nd4 16. c3 Nb5 17. c4 Nd4 18. Nf2 e6 19. g5 f5 20. gxf6 Qxf6 21. Ng4 Qe7 22. f5 exf5 23. Bg5 Nf6 24. exf5 Bxg2 25. Qxg2 Rf8 26. Ne4 Nxg4 27. Bxe7 Ne3 28. Qg5 Nxf1 29. Rxf1 Rxf5 30. Rxf5 gxf5 31. Nd2 Kf7 32. Bxd6 Rb6 33. Qh5+ Kf6 34. Bxc5 Ne2+ 1-0